000 01921nam a2200337Ia 4500
001 59124
003 CO-BoRNBP
005 20250910221358.0
007 ta
008 121119s2003 ck a gr 000 j spa
020 _a9789583002793
040 _aCO-BoRNBP
_bspa
_erda
_cCO-BoRNBP
041 0 _aspa
084 _aI 808.068 R816
100 1 _aRosero Diago, Evelio José,
_d1958
_92678
245 1 3 _aEl aprendiz de mago y otros cuentos de miedo
_cEvelio José Rosero Diago ; ilustraciones, Rocío Parra Parra
250 _aCuarta reimpresión
264 1 _aBogotá
_bPanamericana
_c2003
300 _a176 páginas
_bilustraciones
336 _atexto
_btxt
_2rdacontent
337 _asin mediación
_bn
_2rdamedia
338 _avolumen
_bnc
_2rdacarrier
490 0 _aLiteratura juvenil
505 0 _aEl esqueleto de visita ; El monstruo mentiroso ; Una bicicleta encantada ; Lucía o las palomas desaparecidas ; El diablo al cuello ; El contador de recuerdos ; Pobre vampiro.
520 _aEncontrará el lector en este libro ocho relatos, ricamente ilustrados por Rocío Parra, que lo conducirán a una serie de encuentros entre personajes cotidianos y seres sorprendentes y extraordinarios: un humilde cartero que establece estrecha amistad con un emotivo esqueleto que durante su larga muerte ha departido con Cleopatra y Napoleón; un muchacho enamorado que hace pactos con un malvado diablillo; un monstruo de siete cabezas que posee el secreto del lugar donde está sumergido un gigantesco tesoro; un joven panadero que quiere hacerse discípulo del mejor mago del mundo. Son relatos paradójicos que con jocosa ironía se burlan del temor a lo desconocido y lo convierten en un desparpajado juego de fantasía.
650 0 0 _aCuentos de miedo
_2LEMB
_964841
650 0 7 _aMagia
_vCuentos
_2LEMB
650 0 7 _aCuentos infantiles
_2LEMB
700 1 _aParra, Rocío
_eilustrador
_92488
942 _2loc
_cBKLIT
999 _c59124
_d59124